Ničivosť a krutosť lokálnych vojen najväčšie a najničivejšie konflikty v dvadsiatom ... (4.)

Bibliographic Details
Main Author: Tomáš, Emil, 1940- (Author)
Format: Article
Language:Slovak
PhysicalDescription:Fotogr.
ISSN:1335-4698
Subjects:

MARC

LEADER 00000nab a2200000 a 4500
001 vtls000710433
003 SK-MaSNL
005 20260302195307.0
008 180205c2000 xo 0 slo
015 |a SNBRB2000/01-02813 
035 |a CLN000062600 
040 |a SNKBUCL  |b slo  |c SNKBUCL  |e AACR2 
041 0 |a slo 
044 |a xo  |c SK 
080 |a 355.48"19"  |2 UDC-MRF-SK2 
100 1 |a Tomáš, Emil,  |d 1940-  |4 aut  |9 38981 
245 1 0 |a Ničivosť a krutosť lokálnych vojen  |b najväčšie a najničivejšie konflikty v dvadsiatom ...  |n (4.)  |c Emil Tomáš 
300 |b Fotogr. 
500 |a Pokračovanie 
650 0 7 |a vojny  |x 20. stor.  |2 snkbucl  |9 17781 
655 7 |a články z novín a časopisov  |2 snkbucl  |9 267496 
773 0 |x 1335-4698  |t Slovenská republika  |g Roč. 8, č. 7 (11.1.2000), s. 11 
850 |a Slovenská národná knižnica v Martine 
852 |a SNK  |b KIS3GCP 
958 |a RBX 
999 |c 1452003  |d 1453933